[Event "Heusenstamm Sparkassen op-A 9th"]
[Site "Heusenstamm"]
[Date "2023.11.26"]
[Round "6"]
[White "Fleischmann, Theo"]
[Black "Binner, Peter"]
[Result "1-0"]
[WhiteElo "1578"]
[BlackElo "1793"]
[PlyCount "133"]
[EventDate "2023.11.23"]
[EventType "swiss"]
[EventRounds "7"]
[EventCountry "GER"]
[SourceTitle "CBM 217 Extra"]
[Source "ChessBase"]
[SourceDate "2024.01.31"]
[SourceVersion "1"]
[SourceVersionDate "2024.01.31"]
[SourceQuality "1"]

1. Nf3 c5 2. g3 Nf6 3. Bg2 Nc6 4. d4 e6 5. 0-0 d5 6. c4 Be7 7. dxc5 Bxc5 8. cxd5 Nxd5 9. e4 Nde7 10. Qc2 Qb6 11. a3 Nd4 12. Nxd4 Bxd4 13. Nc3 Bd7 14. Rd1 0-0 15. Qe2 Bc6 16. Bg5 Ng6 17. Qd2 e5 18. Nd5 Bxd5 19. exd5 Rac8 20. Rab1 Qb3 21. Qd3 Qc2 22. Be3 Bxb2 23. Qxc2 Rxc2 24. Be4 Re2 25. Kf1 Rxe3 26. fxe3 Bxa3 27. d6 Rd8 28. d7 Nf8 29. Rxb7 Bc5 30. Ke2 Bb6 31. Bf5 g6 32. Bh3 f5 33. g4 Ne6 34. gxf5 gxf5 35. Bxf5 Nc5 36. Rxb6 axb6 37. e4 Kf7 38. Rd5 Kf6 39. Rd6+ Ke7 40. Rxb6 Nxd7 41. Rb7 h6 42. Kf3 Kd6 43. Bxd7 Rxd7 44. Rb6+ Kc5 45. Rxh6 Kd4 46. Rf6 Rh7 47. Rd6+ Kc4 48. Rd5 Rxh2 49. Rxe5 Rh1 50. Rd5 Re1 51. Kf4 Rf1+ 52. Ke5 Re1 53. Kf5 Re2 54. Rd8 Rf2+ 55. Ke6 Kc5 56. e5 Kc6 57. Ke7 Kc7 58. e6 Re2 59. Rd3 Rg2 60. Rc3+ Kb6 61. Ke8 Re2 62. e7 Rf2 63. Kd8 Rd2+ 64. Kc8 Re2 65. Rc7 Re1 66. Kd8 Re2 67. Rd7 1-0

[Event "Heusenstamm Sparkassen op-A 9th"]
[Site "Heusenstamm"]
[Date "2023.11.25"]
[Round "5"]
[White "Berberich, Christoph"]
[Black "Binner, Peter"]
[Result "1-0"]
[WhiteElo "1859"]
[BlackElo "1793"]
[PlyCount "61"]
[EventDate "2023.11.23"]
[EventType "swiss"]
[EventRounds "7"]
[EventCountry "GER"]
[SourceTitle "CBM 217 Extra"]
[Source "ChessBase"]
[SourceDate "2024.01.31"]
[SourceVersion "1"]
[SourceVersionDate "2024.01.31"]
[SourceQuality "1"]

1. d4 Nf6 2. Nf3 e6 3. c4 b6 4. a3 Bb7 5. Nc3 Be7 6. d5 exd5 7. cxd5 d6 8. e4 Nbd7 9. Be2 0-0 10. 0-0 Nc5 11. Qc2 a5 12. Bf4 Nh5 13. Be3 g6 14. Nd4 Ng7 15. f4 f5 16. e5 dxe5 17. fxe5 Kh8 18. Bf3 Bg5 19. Bf2 Nd7 20. Rfe1 Re8 21. e6 Nf6 22. Qb3 Re7 23. Rad1 Nge8 24. Nc6 Bxc6 25. dxc6 Nd6 26. Bd4 Kg8 27. Bxf6 Bxf6 28. Nd5 Qf8 29. Nxc7 Rd8 30. Nd5 Kg7 31. c7 1-0

[Event "Heusenstamm Sparkassen op-A 4th"]
[Site "Heusenstamm"]
[Date "2017.11.26"]
[Round "6"]
[White "Gude, Michael"]
[Black "Binner, Peter"]
[Result "0-1"]
[WhiteElo "1659"]
[BlackElo "1788"]
[PlyCount "90"]
[EventDate "2017.11.23"]
[EventType "swiss"]
[EventRounds "7"]
[EventCountry "GER"]
[SourceTitle "EXT 2019"]
[Source "ChessBase"]
[SourceDate "2018.10.10"]
[SourceVersion "1"]
[SourceVersionDate "2018.10.10"]
[SourceQuality "1"]

1. e4 c5 2. c3 e6 3. d4 Nf6 4. Bd3 d5 5. e5 Nfd7 6. Ne2 Nc6 7. 0-0 cxd4 8. cxd4 Nb4 9. Bb5 a6 10. Ba4 b5 11. Bb3 Be7 12. a3 Nc6 13. Qd3 0-0 14. Nbc3 b4 15. Na2 a5 16. Bd2 Ba6 17. Qe3 Bxe2 18. Rfc1 Bc4 19. Ba4 Ncb8 20. b3 Ba6 21. axb4 axb4 22. Nxb4 Bb7 23. Nd3 Qb6 24. b4 Nc6 25. Nc5 Rfd8 26. Nxb7 Rxa4 27. Rxa4 Qxb7 28. Rca1 Nb6 29. b5 Nxa4 30. bxc6 Qxc6 31. Qb3 Nb6 32. Rc1 Nc4 33. Be3 Ra8 34. g4 h6 35. f4 Qa4 36. Qd3 Qa3 37. Qxa3 Rxa3 38. Bf2 Ra2 39. Rb1 Rb2 40. Ra1 Bb4 41. f5 Na3 42. h4 Rb1+ 43. Rxb1 Nxb1 44. fxe6 fxe6 45. Kf1 Nd2+ 0-1

[Event "Heusenstamm Sparkassen op-A 4th"]
[Site "Heusenstamm"]
[Date "2017.11.23"]
[Round "1"]
[White "Binner, Peter"]
[Black "Thomas, Ingo"]
[Result "1/2-1/2"]
[WhiteElo "1788"]
[BlackElo "2095"]
[PlyCount "81"]
[EventDate "2017.11.23"]
[EventType "swiss"]
[EventRounds "7"]
[EventCountry "GER"]
[SourceTitle "EXT 2019"]
[Source "ChessBase"]
[SourceDate "2018.10.10"]
[SourceVersion "1"]
[SourceVersionDate "2018.10.10"]
[SourceQuality "1"]

1. c4 e5 2. Nc3 Bb4 3. g3 Nc6 4. Bg2 Bxc3 5. bxc3 d6 6. d4 Nge7 7. e4 0-0 8. Nf3 b6 9. 0-0 Ba6 10. Qa4 Qc8 11. Rd1 f6 12. Be3 Na5 13. Nd2 c5 14. Rac1 Qc6 15. Qxc6 Nexc6 16. d5 Ne7 17. Bf1 f5 18. Bg5 Kf7 19. f3 h6 20. Be3 g5 21. Be2 f4 22. Bf2 h5 23. Kg2 Ng8 24. h3 fxg3 25. Bxg3 h4 26. Bf2 Nf6 27. Rg1 Nh5 28. Be3 Kf6 29. Bd3 Rg8 30. Kh2 Rg7 31. Rg2 Rag8 32. Rcg1 Ng3 33. Bf2 Nh5 34. Be3 Rg6 35. Be2 Ng3 36. Bd3 Nh5 37. Be2 R8g7 38. Bf1 Ng3 39. Bd3 Rg8 40. Bf2 Nh5 41. Be3 1/2-1/2

[Event "Heusenstamm Sparkassen op-A 3rd"]
[Site "Heusenstamm"]
[Date "2016.11.27"]
[Round "5"]
[White "Binner, Peter"]
[Black "Martin, Reiner"]
[Result "0-1"]
[WhiteElo "1802"]
[BlackElo "2014"]
[PlyCount "30"]
[EventDate "2016.11.24"]
[EventType "swiss"]
[EventRounds "7"]
[EventCountry "GER"]
[SourceTitle "EXT 2018"]
[Source "ChessBase"]
[SourceDate "2017.10.13"]
[SourceVersion "1"]
[SourceVersionDate "2017.10.13"]
[SourceQuality "1"]

1. c4 c5 2. g3 g6 3. Bg2 Bg7 4. Nc3 Nc6 5. e3 e5 6. d3 d6 7. Nge2 Nge7 8. 0-0 0-0 9. b3 Be6 10. Bb2 d5 11. cxd5 Nxd5 12. a3 b6 13. Qc2 Rc8 14. Rad1 Qc7 15. f4 Nxe3 0-1

[Event "Wiesbaden op 28th"]
[Site "Wiesbaden"]
[Date "2016.08.28"]
[Round "7"]
[White "Binner, Peter"]
[Black "Kuenne, Lutz Dieter"]
[Result "1-0"]
[WhiteElo "1751"]
[BlackElo "1574"]
[PlyCount "51"]
[EventDate "2016.08.25"]
[EventType "swiss"]
[EventRounds "7"]
[EventCountry "GER"]
[SourceTitle "CBM 174 Extra"]
[Source "ChessBase"]
[SourceDate "2016.10.10"]
[SourceVersion "1"]
[SourceVersionDate "2016.10.10"]
[SourceQuality "1"]

1. c4 c6 2. d4 d5 3. e3 Nf6 4. Nc3 dxc4 5. Bxc4 b5 6. Bd3 e6 7. Nf3 Bd6 8. 0-0 Nbd7 9. e4 e5 10. Bg5 h6 11. Bh4 0-0 12. d5 g5 13. dxc6 Nc5 14. Bg3 Bg4 15. Nxb5 Ncxe4 16. Bxe4 Nxe4 17. Nxd6 Nxg3 18. hxg3 Bxf3 19. gxf3 Qc7 20. Qd5 Rad8 21. Rfd1 Kg7 22. Qxe5+ Kg8 23. f4 Qxc6 24. fxg5 hxg5 25. Qxg5+ Kh8 26. Nxf7+ 1-0

[Event "Wiesbaden op 28th"]
[Site "Wiesbaden"]
[Date "2016.08.28"]
[Round "6"]
[White "Goodwin, David"]
[Black "Binner, Peter"]
[Result "1/2-1/2"]
[WhiteElo "1504"]
[BlackElo "1751"]
[PlyCount "35"]
[EventDate "2016.08.25"]
[EventType "swiss"]
[EventRounds "7"]
[EventCountry "GER"]
[SourceTitle "CBM 174 Extra"]
[Source "ChessBase"]
[SourceDate "2016.10.10"]
[SourceVersion "1"]
[SourceVersionDate "2016.10.10"]
[SourceQuality "1"]

1. Nf3 Nf6 2. g3 g6 3. Bg2 Bg7 4. d3 0-0 5. Nbd2 d6 6. 0-0 c5 7. Ng5 Nc6 8. c3 Qc7 9. Nge4 b6 10. Nxf6+ Bxf6 11. e4 Bb7 12. Nf3 Rac8 13. Bh3 Rcd8 14. Bh6 Rfe8 15. Ng5 Bc8 16. Bg2 Ne5 17. f3 Ba6 18. c4 1/2-1/2

[Event "Wiesbaden op 28th"]
[Site "Wiesbaden"]
[Date "2016.08.26"]
[Round "3"]
[White "Binner, Peter"]
[Black "Modric, Vladimir"]
[Result "1/2-1/2"]
[WhiteElo "1751"]
[BlackElo "1986"]
[PlyCount "52"]
[EventDate "2016.08.25"]
[EventType "swiss"]
[EventRounds "7"]
[EventCountry "GER"]
[SourceTitle "CBM 174 Extra"]
[Source "ChessBase"]
[SourceDate "2016.10.10"]
[SourceVersion "1"]
[SourceVersionDate "2016.10.10"]
[SourceQuality "1"]

1. c4 f5 2. g3 Nf6 3. Bg2 g6 4. d4 Bg7 5. Nc3 d6 6. e3 0-0 7. Nge2 e5 8. 0-0 c6 9. e4 fxe4 10. dxe5 dxe5 11. Qxd8 Rxd8 12. Nxe4 Nxe4 13. Bxe4 Bh3 14. Bg2 Be6 15. Bg5 Re8 16. b3 Na6 17. Rad1 h6 18. Be3 Nb4 19. Rd2 Rad8 20. Rfd1 Rxd2 21. Rxd2 Bf5 22. h3 a5 23. g4 Be6 24. Nc3 Kh7 25. Ne4 Na6 26. Nd6 Re7 1/2-1/2